[Event "16. Sparkassen Open 2017 - Gruppe B"]
[Site "Forchheim"]
[Date "2017.10.01"]
[Round "4.27"]
[White "Hetzner, Hannes"]
[Black "Gebhardt, Christian"]
[Result "1-0"]
[WhiteElo "1703"]
[BlackElo "1935"]
[PlyCount "35"]
[EventDate "2017.??.??"]
[WhiteTeam "SC Erlangen"]
[BlackTeam "SV Seubelsdorf"]

1. e4 e6 2. d4 d5 3. Nd2 Nf6 4. e5 Nfd7 5. Bd3 c5 6. c3 Nc6 7. Ne2 Qb6 8. Nf3
cxd4 9. cxd4 f6 10. O-O fxe5 11. dxe5 Ndxe5 12. Nxe5 Nxe5 13. Be3 Bc5 14. Nf4
Nxd3 15. Qh5+ Kf8 16. Nxd3 Bxe3 17. fxe3+ Ke7 18. Rf7+ 1-0

[Event "16. Sparkassen Open 2017 - Gruppe B"]
[Site "Forchheim"]
[Date "2017.10.01"]
[Round "4.28"]
[White "Khalil, Shaiar"]
[Black "Mantel, Hubert"]
[Result "1-0"]
[WhiteElo "1859"]
[BlackElo "1761"]
[PlyCount "73"]
[EventDate "2017.??.??"]
[WhiteTeam "SC Ansbach"]
[BlackTeam "SC Noris-Tarrasch Nürnberg"]

1. e4 e6 2. d4 d5 3. Nd2 c5 4. c3 Nc6 5. Ngf3 Qb6 6. Bd3 cxd4 7. O-O dxc3 8.
bxc3 Nf6 9. exd5 Nxd5 10. Nc4 Qc7 11. Re1 Be7 12. Bg5 f6 13. Bd2 O-O 14. Qc2 f5
15. Nce5 Bf6 16. Nxc6 Qxc6 17. c4 Ne7 18. Rab1 Ng6 19. Bg5 Bxg5 20. Nxg5 Nf4
21. Bf1 b6 22. g3 Bb7 23. f3 h6 24. gxf4 hxg5 25. fxg5 Qxf3 26. Bg2 Qg4 27. Qd2
Qxg5 28. Rxe6 Kh8 29. Rb2 f4 30. Re5 Qh4 31. Bxb7 f3 32. Bxa8 Qd4+ 33. Kf1 Qd3+
34. Kf2 Qd4+ 35. Kg3 Qg1+ 36. Kh3 Qf1+ 37. Kh4 1-0

[Event "16. Sparkassen Open 2017 - Gruppe B"]
[Site "Forchheim"]
[Date "2017.10.01"]
[Round "4.29"]
[White "Bardorz, Christoph"]
[Black "Rierl, Klaus"]
[Result "1/2-1/2"]
[WhiteElo "1841"]
[BlackElo "1734"]
[PlyCount "47"]
[EventDate "2017.??.??"]
[WhiteTeam "TSV Rottendorf"]
[BlackTeam "SG Sonneberg"]

1. e4 d5 2. exd5 Qxd5 3. Nc3 Qa5 4. Bc4 Nf6 5. d3 c6 6. Nf3 Bg4 7. h3 Bxf3 8.
Qxf3 e6 9. Bd2 Qc7 10. Ne4 Nxe4 11. Qxe4 Nd7 12. d4 Nf6 13. Qf3 Bd6 14. O-O-O
O-O-O 15. Bg5 Be7 16. Rhe1 Nd5 17. Bxe7 Qxe7 18. Bxd5 Rxd5 19. Rd3 Rhd8 20. Qe3
Qf6 21. Red1 a6 22. g3 g5 23. g4 h6 24. a3 1/2-1/2

[Event "16. Sparkassen Open 2017 - Gruppe B"]
[Site "Forchheim"]
[Date "2017.10.01"]
[Round "4.30"]
[White "Hahn, Thomas"]
[Black "Fett, Helmut"]
[Result "1/2-1/2"]
[WhiteElo "1695"]
[BlackElo "1850"]
[PlyCount "69"]
[EventDate "2017.??.??"]
[WhiteTeam "Zabo-Eintracht Nürnberg"]
[BlackTeam "SG Siemens Erlangen"]

1. e4 d6 2. d4 Nf6 3. Nc3 Nbd7 4. Be3 e5 5. Nf3 Be7 6. Bc4 c6 7. dxe5 Nxe5 8.
Nxe5 dxe5 9. Qxd8+ Bxd8 10. f3 b5 11. Bb3 Bb6 12. Kf2 Ke7 13. a3 Bxe3+ 14. Kxe3
Be6 15. Bxe6 Kxe6 16. Rad1 Rhd8 17. Rxd8 Rxd8 18. Rd1 Rxd1 19. Nxd1 Nd7 20. Nf2
Nb6 21. b3 a5 22. Nd3 Kd6 23. g3 c5 24. f4 f6 25. Nb2 c4 26. b4 axb4 27. axb4
Na4 28. Nd1 Nb6 29. Nc3 Kc6 30. fxe5 fxe5 31. h4 Nc8 32. Kf3 Nd6 33. h5 h6 34.
g4 Kd7 35. Nd5 1/2-1/2

[Event "16. Sparkassen Open 2017 - Gruppe B"]
[Site "Forchheim"]
[Date "2017.10.01"]
[Round "4.31"]
[White "Thürauf, Peter"]
[Black "Lindner, Dominik"]
[Result "1-0"]
[WhiteElo "1842"]
[BlackElo "1696"]
[PlyCount "81"]
[EventDate "2017.??.??"]
[WhiteTeam "SW Nürnberg Süd"]
[BlackTeam "SC Friedberg Gehörl. SV"]

1. d4 Nf6 2. Nf3 g6 3. c4 Bg7 4. g3 O-O 5. Bg2 d6 6. O-O c5 7. d5 a6 8. a4 Bf5
9. Nc3 Ne4 10. Nxe4 Bxe4 11. Qb3 Qc8 12. Qe3 Bxf3 13. Bxf3 Qc7 14. h4 Nd7 15.
h5 Ne5 16. h6 Bh8 17. Qb3 Rab8 18. Bg2 Qd7 19. f4 Ng4 20. Bh3 f5 21. Bxg4 fxg4
22. e4 b5 23. axb5 axb5 24. Ra6 bxc4 25. Qxc4 Rb4 26. Qd3 Qb7 27. e5 Rb3 28.
Qc4 Rxg3+ 29. Kh2 Qb3 30. Qxb3 Rxb3 31. exd6 exd6 32. Rxd6 g5 33. Rc6 gxf4 34.
Bxf4 Rxb2+ 35. Kg3 Rb4 36. d6 Rd4 37. Rxc5 Rd3+ 38. Kxg4 Bd4 39. Rg5+ Kh8 40.
Be3 Bxe3 41. Rxf8# 1-0

[Event "16. Sparkassen Open 2017 - Gruppe B"]
[Site "Forchheim"]
[Date "2017.10.01"]
[Round "4.32"]
[White "Fieberg, Christoph"]
[Black "Lehmann, Tornalf"]
[Result "1-0"]
[WhiteElo "1840"]
[BlackElo "1630"]
[PlyCount "41"]
[EventDate "2017.??.??"]
[WhiteTeam "SG Porz"]
[BlackTeam "SC Heilsbronn"]

1. e4 e5 2. f4 exf4 3. Bc4 g5 4. d4 d6 5. h4 Nf6 6. Nc3 Bg4 7. Nf3 Qe7 8. hxg5
Nxe4 9. Nd5 Qd7 10. Qe2 Bg7 11. Qxe4+ Kd8 12. Qxf4 Re8+ 13. Be3 Nc6 14. O-O-O
Bf5 15. Rdf1 Re4 16. Qg3 Rg4 17. Qf2 Bg6 18. Nh4 Nxd4 19. Nxg6 hxg6 20. Nf6
Bxf6 21. Qxf6+ 1-0

[Event "16. Sparkassen Open 2017 - Gruppe B"]
[Site "Forchheim"]
[Date "2017.10.01"]
[Round "4.33"]
[White "Kaltschmidt, Andreas"]
[Black "Hummel, Thomas"]
[Result "1-0"]
[WhiteElo "1612"]
[BlackElo "1887"]
[PlyCount "87"]
[EventDate "2017.??.??"]
[WhiteTeam "SK Weiden"]
[BlackTeam "SK Neumarkt"]

1. b4 c6 2. c4 d5 3. e3 Bf5 4. Qb3 e6 5. Bb2 Nf6 6. Nf3 Be7 7. Be2 Nbd7 8. d3
O-O 9. Nbd2 Qb6 10. c5 Qc7 11. d4 Rfe8 12. a4 Ne4 13. O-O Bf6 14. Rfd1 h6 15.
Nxe4 Bxe4 16. Nd2 Bg6 17. f4 Be7 18. Nf3 Bh5 19. Qc2 f5 20. Ne5 Bf7 21. Nxd7
Qxd7 22. Bc3 g5 23. Bf1 Kg7 24. g3 g4 25. Bd3 h5 26. Kg2 Rh8 27. Rh1 Rh6 28.
Rad1 Rah8 29. Qb1 Bd8 30. b5 h4 31. Qa1 Kf6 32. Rb1 hxg3 33. hxg3 Rh3 34. Rbg1
Be8 35. Rxh3 Rxh3 36. Bf1 Qh7 37. Kf2 Rh2+ 38. Rg2 Rxg2+ 39. Bxg2 cxb5 40. axb5
Bxb5 41. Qxa7 Qh2 42. Qa8 Ke7 43. Qxb7+ Bd7 44. c6 1-0

[Event "16. Sparkassen Open 2017 - Gruppe B"]
[Site "Forchheim"]
[Date "2017.10.01"]
[Round "4.34"]
[White "Weidl, Robert"]
[Black "Bauschke, Norman"]
[Result "1/2-1/2"]
[WhiteElo "1855"]
[BlackElo "1632"]
[PlyCount "42"]
[EventDate "2017.??.??"]
[WhiteTeam "SC Unterhaching"]
[BlackTeam "SC Höchstadt/Aisch"]

1. e4 c5 2. Nf3 Nc6 3. d4 cxd4 4. Nxd4 e6 5. Be3 Nf6 6. f3 d5 7. Nxc6 bxc6 8.
e5 Nd7 9. f4 Bb4+ 10. c3 Ba5 11. Nd2 O-O 12. Bd3 Bb6 13. Qe2 Rb8 14. Rb1 c5 15.
Nf3 h6 16. g4 Bb7 17. Rg1 d4 18. cxd4 Bxf3 19. Qxf3 cxd4 20. Bd2 f6 21. exf6
Qxf6 1/2-1/2

[Event "16. Sparkassen Open 2017 - Gruppe B"]
[Site "Forchheim"]
[Date "2017.10.01"]
[Round "4.35"]
[White "Jacob, Karl-Heinz"]
[Black "Gottlieb, Michael"]
[Result "1/2-1/2"]
[WhiteElo "1703"]
[BlackElo "1768"]
[PlyCount "45"]
[EventDate "2017.??.??"]
[WhiteTeam "SG Sonneberg"]
[BlackTeam "SC Postbauer-Heng"]

1. f4 e5 2. fxe5 d6 3. Nf3 Nc6 4. e4 dxe5 5. Bb5 Bd7 6. O-O Bd6 7. Nc3 Nf6 8.
d3 a6 9. Ba4 b5 10. Bb3 Na5 11. Bg5 Nxb3 12. axb3 c6 13. Nh4 Qb6+ 14. Kh1 Bg4
15. Qd2 Nd7 16. Qf2 Qxf2 17. Rxf2 Bc5 18. Rff1 f6 19. Bd2 g6 20. h3 Be6 21. Na2
O-O 22. Nb4 Bxb4 23. Bxb4 1/2-1/2

[Event "16. Sparkassen Open 2017 - Gruppe B"]
[Site "Forchheim"]
[Date "2017.10.01"]
[Round "4.36"]
[White "Manco, Michela"]
[Black "Breu, Alfons"]
[Result "1/2-1/2"]
[WhiteElo "1841"]
[BlackElo "1634"]
[PlyCount "48"]
[EventDate "2017.??.??"]
[WhiteTeam "TV Tegernsee"]
[BlackTeam "TSV Trostberg"]

1. e4 d6 2. d4 Nf6 3. Nc3 c6 4. Bd3 Qb6 5. Nge2 e5 6. d5 Nbd7 7. Ng3 g6 8. Rb1
cxd5 9. exd5 Bg7 10. Be3 Qd8 11. O-O O-O 12. f3 Nb6 13. Be2 Bd7 14. Qd2 Ne8 15.
Bg5 f6 16. Bh6 Bxh6 17. Qxh6 Ng7 18. Qd2 f5 19. Nb5 Bxb5 20. Bxb5 Qc7 21. b4 a6
22. Be2 Rfc8 23. Rbc1 Nc4 24. Bxc4 Qxc4 1/2-1/2

[Event "16. Sparkassen Open 2017 - Gruppe B"]
[Site "Forchheim"]
[Date "2017.10.01"]
[Round "4.37"]
[White "Meyer, Robert"]
[Black "Walter, Manfred"]
[Result "0-1"]
[WhiteElo "1715"]
[BlackElo "1809"]
[PlyCount "57"]
[EventDate "2017.??.??"]
[WhiteTeam "SC Stein"]
[BlackTeam "SV Lauf"]

1. Nf3 d6 2. d4 Nf6 3. Bf4 Nh5 4. e3 Nxf4 5. exf4 g6 6. Bd3 Bg7 7. c3 Nd7 8. f5
Nf6 9. fxg6 hxg6 10. Nbd2 b6 11. Bb5+ Bd7 12. Qa4 a6 13. Bxd7+ Qxd7 14. Qxd7+
Kxd7 15. h3 e6 16. O-O-O Bh6 17. Kc2 Bxd2 18. Nxd2 Nd5 19. g3 b5 20. a3 Rh6 21.
Ne4 Rah8 22. h4 f6 23. Rhe1 Rh5 24. b3 Ke7 25. Re2 Nb6 26. Rde1 e5 27. dxe5
Rxe5 28. f4 Re6 29. Nd2 0-1

[Event "16. Sparkassen Open 2017 - Gruppe B"]
[Site "Forchheim"]
[Date "2017.10.01"]
[Round "4.38"]
[White "Zirlik, Rudi"]
[Black "Großner, Josef"]
[Result "1-0"]
[WhiteElo "1844"]
[BlackElo "1872"]
[PlyCount "46"]
[EventDate "2017.??.??"]
[WhiteTeam "SV Unterkochen"]
[BlackTeam "SF Fürth"]

1. d4 Nf6 2. g3 d5 3. Bg2 Bf5 4. c4 e6 5. Nc3 c6 6. Nf3 h6 7. O-O Be7 8. Ne5
O-O 9. Re1 Nbd7 10. e4 dxe4 11. Nxd7 Qxd7 12. Nxe4 Rfd8 13. Qb3 Nxe4 14. Bxe4
Bxe4 15. Rxe4 Bf6 16. Be3 h5 17. Qd1 g6 18. g4 hxg4 19. Qxg4 Kg7 20. Bg5 Bxg5
21. Qxg5 Rh8 22. Qe5+ Kg8 23. Rg4 Rh5 1-0

[Event "16. Sparkassen Open 2017 - Gruppe B"]
[Site "Forchheim"]
[Date "2017.10.01"]
[Round "4.39"]
[White "Kolb, Verena"]
[Black "Dreiseitel, Werner"]
[Result "1-0"]
[WhiteElo "1675"]
[BlackElo "1595"]
[PlyCount "53"]
[EventDate "2017.??.??"]
[WhiteTeam "SV Seubelsdorf"]
[BlackTeam "SGem Fürth"]

1. e4 d5 2. exd5 Qxd5 3. Nc3 Qa5 4. d4 c6 5. Bc4 Nf6 6. Nf3 Bf5 7. h3 e6 8. Bd2
Qc7 9. Nh4 Bg6 10. Nxg6 hxg6 11. Qf3 Bd6 12. O-O-O Nbd7 13. Rhe1 O-O-O 14. Bg5
Rhe8 15. Ne4 Be7 16. Bf4 Qb6 17. Ng5 Rf8 18. Bxe6 Nd5 19. Bxd5 Bxg5 20. Bxg5 f6
21. Bxc6 bxc6 22. Bf4 g5 23. Bd6 Rfe8 24. Be7 Qa5 25. Qxc6+ Qc7 26. Qxc7+ Kxc7
27. Bxd8+ 1-0

[Event "16. Sparkassen Open 2017 - Gruppe C"]
[Site "Forchheim"]
[Date "2017.10.01"]
[Round "4.1"]
[White "Floegel, Marco"]
[Black "Bardorz, Stefan"]
[Result "1/2-1/2"]
[WhiteElo "1598"]
[BlackElo "1531"]
[PlyCount "74"]
[EventDate "2017.??.??"]
[WhiteTeam "SK Herzogenaurach"]
[BlackTeam "TSV Rottendorf"]

1. e4 e5 2. Nf3 Nc6 3. Bc4 Nf6 4. d3 h6 5. c3 Bc5 6. O-O d6 7. h3 O-O 8. Bb3 b5
9. Re1 a6 10. Nbd2 Bb7 11. Nf1 Ne7 12. Ng3 Ng6 13. Bc2 Bc8 14. Nf5 Ne7 15. g4
Kh7 16. b4 Bb6 17. d4 exd4 18. cxd4 Bxf5 19. gxf5 Nc6 20. e5 Nd5 21. f6+ Kh8
22. fxg7+ Kxg7 23. Qd3 Rg8 24. Kh2 Rh8 25. Rg1+ Kf8 26. a3 Nde7 27. Qe4 dxe5
28. dxe5 Qd5 29. Qxd5 Nxd5 30. Be4 Rd8 31. Bb2 Nce7 32. Rg2 Nf4 33. e6 Nxg2 34.
Bxh8 Nf4 35. exf7 Kxf7 36. Be5 Neg6 37. Bxf4 Nxf4 1/2-1/2

[Event "16. Sparkassen Open 2017 - Gruppe C"]
[Site "Forchheim"]
[Date "2017.10.01"]
[Round "4.2"]
[White "Knoll, Ernst"]
[Black "Hamscher, Markus"]
[Result "1-0"]
[WhiteElo "1497"]
[BlackElo "1255"]
[PlyCount "23"]
[EventDate "2017.??.??"]
[WhiteTeam "Schachtreff Röttenbach"]
[BlackTeam "SG Meiderich/Ruhrort"]

1. c4 c5 2. Nc3 Nc6 3. g3 d6 4. Bg2 Bd7 5. a3 g6 6. e3 Bg7 7. Nge2 e6 8. O-O
Nge7 9. d4 cxd4 10. exd4 Qc7 11. Nb5 Qc8 12. Nxd6+ 1-0

[Event "16. Sparkassen Open 2017 - Gruppe C"]
[Site "Forchheim"]
[Date "2017.10.01"]
[Round "4.3"]
[White "Friedel, Thomas"]
[Black "Gajewski, Richard"]
[Result "0-1"]
[WhiteElo "1582"]
[BlackElo "1707"]
[PlyCount "106"]
[EventDate "2017.??.??"]
[WhiteTeam "SV Groß-Gerau"]
[BlackTeam "Wolframs-Eschenbach"]

1. e4 d5 2. exd5 Nf6 3. Nf3 Qxd5 4. Nc3 Qa5 5. Be2 c6 6. O-O Bg4 7. d4 e6 8.
Ne5 Bxe2 9. Qxe2 Nbd7 10. Nxd7 Nxd7 11. Ne4 Qf5 12. c3 h6 13. Ng3 Qd5 14. Qe4
Nf6 15. Qf3 Bd6 16. Qxd5 Nxd5 17. Ne4 Kd7 18. Be3 Bf4 19. Rae1 b6 20. g3 Bc7
21. Bd2 f5 22. c4 fxe4 23. cxd5 cxd5 24. f3 exf3 25. Rxf3 Rhf8 26. Ref1 Rxf3
27. Rxf3 Rg8 28. Rf7+ Kd8 29. Bb4 a5 30. Ba3 b5 31. Bc5 h5 32. Re7 Re8 33. Rxg7
e5 34. Rg5 h4 35. g4 Kd7 36. h3 Re6 37. dxe5 Bxe5 38. b3 Kc6 39. Bf2 d4 40. Kf1
d3 41. Be3 Bd6 42. Bd2 Bb4 43. Bf4 d2 44. Bxd2 Bxd2 45. Rh5 Be1 46. g5 Bg3 47.
Rh6 Rxh6 48. gxh6 Be5 49. Ke2 Kc5 50. a3 Kd4 51. Kf3 Kc3 52. Ke4 Bh8 53. Kd5
Kxb3 0-1

[Event "16. Sparkassen Open 2017 - Gruppe C"]
[Site "Forchheim"]
[Date "2017.10.01"]
[Round "4.4"]
[White "Lorch, Stephan"]
[Black "Bardorz, Jana"]
[Result "1-0"]
[WhiteElo "1311"]
[BlackElo "1542"]
[PlyCount "79"]
[EventDate "2017.??.??"]
[WhiteTeam "SF Heidelberg"]
[BlackTeam "TSV Rottendorf"]

1. e4 e5 2. Bc4 Nf6 3. d3 Nc6 4. c3 Bc5 5. b4 Bb6 6. Nf3 d6 7. h3 Be6 8. Bxe6
fxe6 9. a4 a5 10. b5 Ne7 11. Qe2 O-O 12. Be3 c6 13. Ng5 Bxe3 14. Qxe3 Qd7 15.
Na3 h6 16. Nf3 c5 17. Nc4 Qc7 18. g4 Ng6 19. Kd2 Nd7 20. g5 d5 21. b6 Nxb6 22.
Nxb6 Qxb6 23. Rhb1 Qc7 24. gxh6 d4 25. h7+ Kxh7 26. Ng5+ Kg8 27. Qe2 Nf4 28.
Qg4 Rf6 29. c4 Qe7 30. Rb6 Rg6 31. h4 Rh6 32. Rab1 Ra7 33. Rg1 Qf6 34. Rd6 Rg6
35. h5 Nxh5 36. Rd8+ Qxd8 37. Qxh5 Rxg5 38. Rxg5 Ra8 39. Rxe5 Qf6 40. f3 1-0

[Event "16. Sparkassen Open 2017 - Gruppe C"]
[Site "Forchheim"]
[Date "2017.10.01"]
[Round "4.5"]
[White "Albayrak, Berrak"]
[Black "Albayrak, Atilla"]
[Result "0-1"]
[WhiteElo "1562"]
[BlackElo "1464"]
[PlyCount "102"]
[EventDate "2017.??.??"]
[WhiteTeam "Zabo-Eintracht Nürnberg"]
[BlackTeam "Zabo-Eintracht Nürnberg"]

1. e4 d6 2. d4 g6 3. Nf3 Bg7 4. Bf4 Bg4 5. Be2 Nf6 6. Nbd2 O-O 7. h3 Bxf3 8.
Bxf3 Nbd7 9. O-O e5 10. dxe5 Nxe5 11. Be2 Re8 12. Be3 Qd7 13. f3 a6 14. Nb3 b5
15. Qc1 Nh5 16. Bh6 Ng3 17. Re1 Nxe2+ 18. Rxe2 Bh8 19. c3 Qe7 20. f4 Nd7 21. f5
Qh4 22. fxg6 hxg6 23. Bg5 Qg3 24. Qf4 Qxf4 25. Bxf4 Be5 26. Be3 Nf6 27. Bg5 Re6
28. Rae1 Rae8 29. Bxf6 Bxf6 30. Nd2 Bh4 31. Rf1 d5 32. Nf3 Rxe4 33. Rxe4 Rxe4
34. Nxh4 Rxh4 35. Rd1 c6 36. Kf2 Re4 37. Rd4 f5 38. Rd3 Kf7 39. Rf3 Ke6 40. Rg3
Kf6 41. Rf3 Kg5 42. Rg3+ Kh5 43. Re3 Kh4 44. Rf3 f4 45. a3 g5 46. g4 fxg3+ 47.
Rxg3 Re2+ 48. Kxe2 Kxg3 49. Ke3 Kxh3 50. Kf3 g4+ 51. Kf2 Kh2 0-1

[Event "16. Sparkassen Open 2017 - Gruppe C"]
[Site "Forchheim"]
[Date "2017.10.01"]
[Round "4.6"]
[White "Merdian, Nick"]
[Black "Schmucker, Jonas"]
[Result "0-1"]
[WhiteElo "1275"]
[BlackElo "1515"]
[PlyCount "144"]
[EventDate "2017.??.??"]
[WhiteTeam "SC Postbauer-Heng"]
[BlackTeam "SC Noris-Tarrasch Nürnberg"]

1. e4 d5 2. exd5 Qxd5 3. Nc3 Qd8 4. Nf3 Bg4 5. h3 Bh5 6. Bc4 e6 7. d3 Nf6 8.
Bg5 Be7 9. O-O Nbd7 10. Re1 O-O 11. Bf4 Bd6 12. Bxd6 cxd6 13. d4 d5 14. Bb5 a6
15. Bxd7 Nxd7 16. Qd3 Qb6 17. Rab1 Bxf3 18. gxf3 Qc7 19. Ne2 Qc4 20. Qxc4 dxc4
21. c3 Rfe8 22. Ng3 e5 23. d5 Nf6 24. d6 Rad8 25. Rbd1 Re6 26. b3 cxb3 27. axb3
Ne8 28. Ne4 b6 29. d7 Nf6 30. Nxf6+ gxf6 31. Rd3 Kf8 32. Red1 Ke7 33. c4 Rc6
34. f4 Rc7 35. fxe5 fxe5 36. Re1 f6 37. f4 Ke6 38. fxe5 fxe5 39. Rde3 Rc5 40.
b4 Rxc4 41. Rxe5+ Kxd7 42. Re7+ Kc6 43. Rxh7 Rxb4 44. Rh6+ Kc5 45. Re5+ Rd5 46.
Re1 a5 47. Rc1+ Kb5 48. h4 a4 49. Ra1 Ka5 50. Rh8 Rd3 51. Rh5+ b5 52. Rh8 Rb2
53. Ra8+ Kb4 54. h5 Rh3 55. Rd8 Rxh5 56. Rd4+ Ka5 57. Rd3 b4 58. Rd4 a3 59. Rd8
Ka4 60. Rdd1 Rbh2 61. Kf1 Rh1+ 62. Ke2 Rxd1 63. Kxd1 Rh1+ 64. Kc2 Rxa1 65. Kd3
b3 66. Kc3 Rc1+ 67. Kd2 b2 68. Kd3 b1=Q+ 69. Kd2 Rc4 70. Ke2 Qb3 71. Kd2 Rc2+
72. Kd1 Qb1# 0-1

[Event "16. Sparkassen Open 2017 - Gruppe C"]
[Site "Forchheim"]
[Date "2017.10.01"]
[Round "4.7"]
[White "Pfann, Elias"]
[Black "Walbrecht, Quirin"]
[Result "1/2-1/2"]
[WhiteElo "1484"]
[BlackElo "1278"]
[PlyCount "92"]
[EventDate "2017.??.??"]
[WhiteTeam "SC Höchstadt/Aisch"]
[BlackTeam "TV Tegernsee"]

1. d4 Nf6 2. c4 g6 3. Nc3 Bg7 4. e4 d6 5. Nf3 O-O 6. Bf4 Bg4 7. Be2 Nfd7 8. h3
Bxf3 9. Bxf3 e5 10. Be3 Nc6 11. d5 Ne7 12. O-O f5 13. Bd2 f4 14. g3 g5 15. Bg2
Nf6 16. b4 h5 17. c5 Ng6 18. a4 g4 19. h4 f3 20. Bh1 Nd7 21. c6 bxc6 22. dxc6
Nb8 23. b5 a6 24. Qb3+ Kh8 25. Nd5 Nxh4 26. Nxc7 Qxc7 27. gxh4 Qe7 28. Bg5 Bf6
29. bxa6 Bxg5 30. hxg5 Rxa6 31. Qb7 Qxb7 32. cxb7 Rf7 33. Rab1 Ra7 34. Rb6
Raxb7 35. Rxd6 Rbd7 36. Re6 Rde7 37. Rd6 Kg7 38. Rh6 Rf4 39. Rb1 Nd7 40. Rb4
Nc5 41. Rxh5 Rxe4 42. Rb6 Nd3 43. g6 Re1+ 44. Kh2 g3+ 45. Kxg3 Rg1+ 46. Kxf3
Rxg6 1/2-1/2

[Event "16. Sparkassen Open 2017 - Gruppe C"]
[Site "Forchheim"]
[Date "2017.10.01"]
[Round "4.8"]
[White "Warschak, Siegfried"]
[Black "Kodalle, Dominik"]
[Result "0-1"]
[WhiteElo "1578"]
[BlackElo "1480"]
[PlyCount "77"]
[EventDate "2017.??.??"]
[WhiteTeam "SC Höchstadt/Aisch"]
[BlackTeam "Aschaffenburg-Schweinheim"]

1. d4 Nf6 2. c4 g6 3. Nf3 Bg7 4. Bg5 d6 5. Bxf6 Bxf6 6. e3 O-O 7. Be2 Nd7 8.
Nc3 e5 9. O-O Bg7 10. b4 f5 11. a4 g5 12. Rb1 g4 13. Ne1 Qh4 14. g3 Qh3 15. f4
exf4 16. Rxf4 Bh6 17. Bf1 Qh5 18. Ng2 Bxf4 19. Nxf4 Qe8 20. Qd3 Nf6 21. Bg2 c6
22. b5 c5 23. Re1 Rb8 24. Ncd5 Rf7 25. Nc3 Rg7 26. Bd5+ Nxd5 27. Ncxd5 Qf8 28.
Nh5 Rg6 29. dxc5 dxc5 30. Qc3 Qf7 31. Qe5 Ra8 32. Ne7+ Kf8 33. Nxg6+ hxg6 34.
Qxc5+ Kg8 35. Nf4 g5 36. Nd5 Be6 37. Rf1 Re8 38. Ne7+ Rxe7 39. Qxa7 {
Rest unklar} 0-1

[Event "16. Sparkassen Open 2017 - Gruppe C"]
[Site "Forchheim"]
[Date "2017.10.01"]
[Round "4.9"]
[White "Steindl, Horst"]
[Black "Schell, Hubert"]
[Result "0-1"]
[WhiteElo "1261"]
[BlackElo "1440"]
[PlyCount "62"]
[EventDate "2017.??.??"]
[WhiteTeam "SW Nürnberg Süd"]
[BlackTeam "SC-SF Stockstadt"]

1. d4 d5 2. Bf4 Nf6 3. Nf3 Bf5 4. e3 e6 5. Bd3 Bg6 6. Nbd2 Ne4 7. Ne5 Nxd2 8.
Bxg6 hxg6 9. Qxd2 Bd6 10. O-O-O Bxe5 11. Bxe5 f6 12. Bf4 Nc6 13. h3 Qe7 14. c3
O-O-O 15. Qc2 g5 16. Bg3 Na5 17. f3 Nc4 18. Bf2 Rd6 19. Kb1 Rb6 20. Ka1 Rxb2
21. Qxb2 Nxb2 22. Kxb2 Rd8 23. Ka1 Qa3 24. Be1 Rd6 25. Rb1 Ra6 26. Rb2 Qa4 27.
Bd2 Qc4 28. Re1 Qd3 29. g3 Rb6 30. Rxb6 axb6 31. Rd1 Qc2 0-1

[Event "16. Sparkassen Open 2017 - Gruppe C"]
[Site "Forchheim"]
[Date "2017.10.01"]
[Round "4.10"]
[White "Gehrke, Jakob"]
[Black "Stark, Raphael"]
[Result "1-0"]
[WhiteElo "1349"]
[BlackElo "1176"]
[PlyCount "119"]
[EventDate "2017.??.??"]
[WhiteTeam "TV Tegernsee"]
[BlackTeam "SK Rothenburg"]

1. b3 e5 2. Bb2 Nc6 3. e3 d5 4. Bb5 Bd6 5. Nf3 Qe7 6. c4 Nf6 7. cxd5 Nxd5 8.
Bc4 Be6 9. Bb5 Bd7 10. Bc4 Be6 11. O-O Nf6 12. Bxe6 Qxe6 13. Nc3 O-O-O 14. d4
Bb4 15. Ng5 Qd7 16. dxe5 Qxd1 17. Raxd1 Rxd1 18. Rxd1 Nxe5 19. Nd5 Nxd5 20.
Rxd5 f6 21. Bxe5 Rd8 22. Rxd8+ Kxd8 23. Bxc7+ Kxc7 24. Ne6+ Kb6 25. Nxg7 a5 26.
Ne6 Kb5 27. Nd8 b6 28. Ne6 a4 29. Nd4+ Ka5 30. Kf1 Bc3 31. Nc2 b5 32. Ke2 b4
33. Kd3 Be5 34. Kc4 Bd6 35. Nd4 Bxh2 36. Nc6+ Kb6 37. Nxb4 Bg1 38. Nd3 Ka5 39.
b4+ Kb6 40. e4 Bh2 41. g3 Ka6 42. a3 Kb6 43. Kc3 h5 44. Nc5 Kb5 45. Nd7 h4 46.
gxh4 Bf4 47. Kc2 Bd6 48. Nxf6 Be7 49. Nd5 Bxh4 50. Nc3+ Kb6 51. f3 Bg3 52.
Nxa4+ Kc6 53. Nc5 Kb5 54. Kb3 Bf4 55. a4+ Kb6 56. Kc4 Kc6 57. b5+ Kb6 58. Nb3
Kb7 59. a5 Ka7 60. Nc5 1-0

[Event "16. Sparkassen Open 2017 - Gruppe C"]
[Site "Forchheim"]
[Date "2017.10.01"]
[Round "4.11"]
[White "Emge, Albin"]
[Black "Rodriguez Leged, Edgar Rafael"]
[Result "1/2-1/2"]
[WhiteElo "1189"]
[BlackElo "1345"]
[PlyCount "65"]
[EventDate "2017.??.??"]
[WhiteTeam "SC Königsspringer Alzenau"]
[BlackTeam "SG Siemens Erlangen"]

1. e4 e5 2. Nf3 Nc6 3. Bb5 Nd4 4. Nxd4 exd4 5. Bd3 Nf6 6. O-O Be7 7. c3 c5 8.
c4 O-O 9. e5 Ne8 10. Be2 d6 11. d3 dxe5 12. Nd2 Bf5 13. Ne4 Bxe4 14. dxe4 Nd6
15. Bd3 f5 16. f3 f4 17. b3 Bh4 18. Ba3 b6 19. Bc1 Qg5 20. Qe2 Rf6 21. Kh1 Rh6
22. Rg1 Bg3 23. h3 Qh4 24. Qf1 Nf7 25. Bd2 Ng5 26. Be1 Nxh3 27. gxh3 Qxh3+ 28.
Qxh3 Rxh3+ 29. Kg2 Rh2+ 30. Kf1 Rh3 31. Kg2 Rh2+ 32. Kf1 Rh3 33. Kg2 1/2-1/2

[Event "16. Sparkassen Open 2017 - Gruppe C"]
[Site "Forchheim"]
[Date "2017.10.01"]
[Round "4.14"]
[White "Aigner, Patrick"]
[Black "Schäfer, Emanuel"]
[Result "0-1"]
[WhiteElo "1371"]
[BlackElo "1409"]
[PlyCount "56"]
[EventDate "2017.??.??"]
[WhiteTeam "Coburger SV"]
[BlackTeam "SC Ansbach"]

1. d4 d5 2. Bf4 Nc6 3. e3 a6 4. Nd2 Bf5 5. c3 Nf6 6. h3 e6 7. Ngf3 Ne4 8. Nxe4
Bxe4 9. Ne5 Nxe5 10. dxe5 Be7 11. Bg3 c6 12. Qe2 O-O 13. h4 b5 14. b4 h6 15.
Qg4 Bf5 16. Qf4 a5 17. a3 axb4 18. cxb4 d4 19. Rc1 Rxa3 20. Qxd4 Qxd4 21. exd4
Bxb4+ 22. Ke2 Rfa8 23. Bf4 Ra2+ 24. Kf3 R8a3+ 25. Be3 Bc3 26. Rxc3 Rxc3 27. Be2
h5 28. Kf4 Rxe2 0-1

[Event "16. Sparkassen Open 2017 - Gruppe C"]
[Site "Forchheim"]
[Date "2017.10.01"]
[Round "4.15"]
[White "Schad, Gerhard"]
[Black "Thiele, Robert"]
[Result "1-0"]
[WhiteElo "1683"]
[BlackElo "1078"]
[PlyCount "89"]
[EventDate "2017.??.??"]
[WhiteTeam "SV Neustadt/Aisch"]
[BlackTeam "SC Forchheim"]

1. c4 e5 2. Nc3 c6 3. g3 Bc5 4. Bg2 Nf6 5. Nf3 d6 6. a3 O-O 7. O-O Be6 8. d3 h6
9. b4 Bb6 10. Bb2 Nbd7 11. a4 e4 12. Nd2 e3 13. fxe3 Bxe3+ 14. Kh1 Ng4 15. Nde4
d5 16. cxd5 cxd5 17. h3 dxe4 18. hxg4 exd3 19. Qxd3 Bg5 20. Ne4 Be7 21. Rad1
Rb8 22. Qc3 f6 23. g5 hxg5 24. Nxg5 Bg4 25. Qc4+ Kh8 26. Nf7+ Rxf7 27. Qxf7
Bxe2 28. Rfe1 Bxd1 29. Rxe7 Qf8 30. Rxd7 Qxf7 31. Rxf7 Re8 32. Bc3 Bxa4 33.
Rxb7 Re3 34. Bd2 Re2 35. Bf4 Rc2 36. Rb8+ Kh7 37. Be4+ g6 38. Bxc2 Bxc2 39.
Rb7+ Kg8 40. Rxa7 Be4+ 41. Kh2 g5 42. Bd6 f5 43. b5 Bd5 44. Be5 Bf7 45. b6 1-0

[Event "16. Sparkassen Open 2017 - Gruppe C"]
[Site "Forchheim"]
[Date "2017.10.01"]
[Round "4.16"]
[White "Hauck, Martin"]
[Black "Albayrak, Nese Pinar"]
[Result "0-1"]
[WhiteElo "1440"]
[BlackElo "1351"]
[PlyCount "100"]
[EventDate "2017.??.??"]
[WhiteTeam "SC Noris-Tarrasch Nürnberg"]
[BlackTeam "Zabo-Eintracht Nürnberg"]

1. e4 e5 2. Nf3 Nc6 3. d4 exd4 4. Nxd4 Bc5 5. Nf3 Nf6 6. Bd3 d6 7. Nc3 Bg4 8.
h3 Bxf3 9. Qxf3 Ne5 10. Qe2 O-O 11. Be3 Bb6 12. Bb5 c6 13. Ba4 Re8 14. Bb3 d5
15. O-O-O d4 16. f4 Ng6 17. Qc4 Qc7 18. Bxd4 Qxf4+ 19. Kb1 Nxe4 20. Nxe4 Rxe4
21. Rhf1 Rxd4 22. Rxd4 Qxd4 23. Qxf7+ Kh8 24. c3 Qe4+ 25. Bc2 Qxg2 26. Bxg6
Qxg6+ 27. Ka1 Qxf7 28. Rxf7 Rb8 29. b4 a5 30. a3 a4 31. Re7 h6 32. Rd7 Bd8 33.
c4 Bf6+ 34. Kb1 b5 35. Rc7 bxc4 36. Rxc6 c3 37. Ra6 Rc8 38. Kc2 Rd8 39. Rc6
Rd2+ 40. Kc1 Ra2 41. Kb1 Rxa3 42. Ra6 Rb3+ 43. Ka2 Rb2+ 44. Ka3 c2 45. Rc6 Rb3+
46. Kxa4 Rc3 47. Re6 c1=Q 48. Kb5 Qf1+ 49. Ka5 Bd8+ 50. Ka4 Qd1+ 0-1